| 000 | 01197nam a22003137a 4500 | ||
|---|---|---|---|
| 001 | 967 | ||
| 005 | 20230717102455.0 | ||
| 008 | 230717b cb ||||| |||| 00| 0 eng d | ||
| 020 | _a9780399256967 | ||
| 040 |
_aDLC _cDLC _dDLC _beng |
||
| 050 | 0 | 0 |
_aPZ7.M8593 _bTr 2012 |
| 082 | 0 | 0 |
_a823 _223 |
| 100 | 1 | _aMoulton, Erin E. | |
| 245 | 1 | 0 |
_aTracing stars / _cErin E. Moulton. |
| 250 | _aFirst Scholastic printing, January 2013. | ||
| 260 |
_aNew York : _bScholastic, _c2013. |
||
| 300 |
_a233 pages ; _c20 cm. |
||
| 505 | _aR | ||
| 520 | _aIn a small seaside town during the summer before sixth grade, Indie Lee Chickory tries to follow her older sister's popularity advice by working backstage on the upcoming community theater musical and by not revealing that she is looking for her beloved pet lobster and becoming friends with "loser" Owen Stone. | ||
| 521 |
_a740
_bLexile |
||
| 521 |
_aR
_bRaz-Plus |
||
| 650 | 1 |
_aFriendship _vFiction. |
|
| 650 | 1 |
_aSisters _vFiction. |
|
| 650 | 1 |
_aSelf-acceptance _vFiction. |
|
| 650 | 1 |
_aLost and found possessions _vFiction. |
|
| 650 | 1 |
_aTheater _vFiction. |
|
| 906 |
_a7 _bcbc _corignew _d1 _eecip _f20 _gy-gencatlg |
||
| 942 |
_2ddc _cBK _n0 |
||
| 999 |
_c967 _d967 |
||